[Event "Sochi Amateur op 6th"]
[Site "Sochi"]
[Date "2019.04.10"]
[Round "6"]
[White "Beletsky, Alexey"]
[Black "Mkrtumyan, Robert"]
[Result "1/2-1/2"]
[WhiteElo "2336"]
[BlackElo "1727"]
[PlyCount "92"]
[EventDate "2019.04.07"]
[EventType "swiss"]
[EventRounds "9"]
[EventCountry "RUS"]
[SourceTitle "CBM 189 Extra"]
[Source "ChessBase"]
[SourceDate "2019.05.31"]
[SourceVersion "1"]
[SourceVersionDate "2019.05.31"]
[SourceQuality "1"]

1. c4 Nf6 2. g3 c5 3. Bg2 g6 4. Nc3 Nc6 5. Nf3 Bg7 6. 0-0 0-0 7. d3 d6 8. Rb1 Bd7 9. a3 Ne8 10. Qc2 Rb8 11. b4 b6 12. b5 Nd4 13. Nxd4 Bxd4 14. Bh6 Ng7 15. a4 Re8 16. Ra1 Nf5 17. Bd2 Bg7 18. e3 Bc8 19. a5 bxa5 20. Qa4 a6 21. Qxa5 axb5 22. cxb5 Bb7 23. Qxd8 Rexd8 24. Rfb1 Bxg2 25. Kxg2 Rb6 26. Ra6 Bxc3 27. Bxc3 Rdb8 28. Rxb6 Rxb6 29. g4 Ng7 30. d4 Ne6 31. Ba5 Rb7 32. d5 Nf8 33. e4 Nd7 34. Bd8 Kf8 35. b6 Ke8 36. Bc7 c4 37. Rc1 Nxb6 38. Bxb6 Rxb6 39. Rxc4 f6 40. h4 h6 41. Kg3 Rb3+ 42. f3 g5 43. h5 Kf7 44. Kf2 Ra3 45. Rc2 Rb3 46. Re2 Ra3 1/2-1/2

[Event "Moscow op-A 14th"]
[Site "Moscow"]
[Date "2018.02.04"]
[Round "9"]
[White "Beletsky, Alexey"]
[Black "Fitiak, Sergey"]
[Result "1-0"]
[WhiteElo "2374"]
[BlackElo "2247"]
[PlyCount "93"]
[EventDate "2018.01.27"]
[EventType "swiss"]
[EventRounds "9"]
[EventCountry "RUS"]
[SourceTitle "CBM 182 Extra"]
[Source "ChessBase"]
[SourceDate "2018.02.23"]
[SourceVersion "1"]
[SourceVersionDate "2018.02.23"]
[SourceQuality "1"]

1. g3 Nf6 2. Bg2 d5 3. Nf3 Bf5 4. 0-0 Nbd7 5. d3 e6 6. b3 Bc5 7. Bb2 0-0 8. Nbd2 h6 9. a3 a5 10. c4 c6 11. Ra2 Qe7 12. Qa1 Bh7 13. d4 Bd6 14. c5 Bc7 15. b4 axb4 16. axb4 Rxa2 17. Qxa2 e5 18. dxe5 Nxe5 19. Nd4 Re8 20. Qb3 h5 21. Qc3 h4 22. Ra1 hxg3 23. hxg3 Neg4 24. Bf3 Qe5 25. Nf1 Qh5 26. Kg2 Be4 27. Ra7 Kh7 28. Nxc6 bxc6 29. Rxc7 Kg6 30. Bxe4+ Rxe4 31. Rxc6 Qf5 32. Qf3 Rxb4 33. Qxf5+ Kxf5 34. Bxf6 Nxf6 35. Rb6 Rxb6 36. cxb6 Ke6 37. b7 Nd7 38. Ne3 g6 39. Kf3 Kd6 40. Kf4 f6 41. g4 Kc6 42. g5 d4 43. Nc2 d3 44. Nb4+ Kxb7 45. Nxd3 f5 46. Ne5 Nf8 47. Nxg6 1-0

[Event "Moscow op-A 14th"]
[Site "Moscow"]
[Date "2018.02.01"]
[Round "6"]
[White "Beletsky, Alexey"]
[Black "Balajayeva, Khanim Asad Qizi"]
[Result "1-0"]
[WhiteElo "2374"]
[BlackElo "2319"]
[PlyCount "156"]
[EventDate "2018.01.27"]
[EventType "swiss"]
[EventRounds "9"]
[EventCountry "RUS"]
[SourceTitle "CBM 182 Extra"]
[Source "ChessBase"]
[SourceDate "2018.02.23"]
[SourceVersion "1"]
[SourceVersionDate "2018.02.23"]
[SourceQuality "1"]

1. g3 d5 2. Nf3 Nf6 3. Bg2 Bf5 4. d3 e6 5. 0-0 h6 6. b3 Be7 7. Bb2 0-0 8. Nbd2 Nbd7 9. c4 c6 10. a3 a5 11. Ra2 Re8 12. Qa1 Bf8 13. Rb1 Bh7 14. b4 axb4 15. axb4 Rxa2 16. Qxa2 e5 17. Bc3 e4 18. Ne1 dxc4 19. Nxc4 Nd5 20. Bd2 exd3 21. exd3 N7f6 22. Qb3 Qd7 23. Ne3 Nxe3 24. Bxe3 Ng4 25. Bb6 Re5 26. Qc2 Bxb4 27. Nf3 Bxd3 28. Rd1 Bxc2 29. Rxd7 Re7 30. Rd8+ Kh7 31. Rd4 Nxf2 32. Rxb4 Nd1 33. Bc5 Rd7 34. Ne5 Rd2 35. Rxb7 Re2 36. Nf3 Bg6 37. Bd4 Ne3 38. Bxe3 Rxe3 39. Rc7 Rc3 40. Ne5 Rc1+ 41. Kf2 Rc2+ 42. Kf3 Rc3+ 43. Kg4 h5+ 44. Kf4 Rc2 45. Bxc6 Rxh2 46. Nxf7 Rf2+ 47. Bf3 Bxf7 48. Rxf7 Kh6 49. Rd7 Rf1 50. Ke3 g6 51. Rd5 Re1+ 52. Be2 h4 53. gxh4 Rh1 54. Rd4 Rh2 55. Bf3 Ra2 56. Kf4 Ra6 57. Kg4 Rb6 58. Rc4 Ra6 59. Be4 Rb6 60. Rc7 Re6 61. Bc2 Rb6 62. Re7 Rf6 63. Be4 Rf1 64. Re6 Rg1+ 65. Kh3 Kg7 66. Re7+ Kh6 67. Re5 Re1 68. Kg2 Ra1 69. Re6 Kh5 70. Kg3 Rg1+ 71. Bg2 Kh6 72. Kf2 Ra1 73. Bf3 Ra5 74. Kg3 Ra1 75. Be4 Rg1+ 76. Kh2 Rg4 77. Kh3 Rg1 78. Bf3 Kg7 1-0

[Event "Moscow op-A 14th"]
[Site "Moscow"]
[Date "2018.01.28"]
[Round "2"]
[White "Beletsky, Alexey"]
[Black "Serikbay, Assel"]
[Result "1-0"]
[WhiteElo "2374"]
[BlackElo "2188"]
[PlyCount "87"]
[EventDate "2018.01.27"]
[EventType "swiss"]
[EventRounds "9"]
[EventCountry "RUS"]
[SourceTitle "CBM 182 Extra"]
[Source "ChessBase"]
[SourceDate "2018.02.23"]
[SourceVersion "1"]
[SourceVersionDate "2018.02.23"]
[SourceQuality "1"]

1. g3 d5 2. Nf3 Nf6 3. Bg2 c5 4. 0-0 g6 5. c4 d4 6. e3 Bg7 7. exd4 cxd4 8. b4 0-0 9. Bb2 Nh5 10. d3 e5 11. Nbd2 Qc7 12. Re1 a5 13. a3 axb4 14. axb4 Rxa1 15. Qxa1 b6 16. Qa2 Bb7 17. Qb3 Nd7 18. Ra1 Ra8 19. Rxa8+ Bxa8 20. c5 h6 21. Ng5 hxg5 22. Bxa8 bxc5 23. Bd5 Ndf6 24. bxc5 Nxd5 25. Qxd5 Nf6 26. Qa8+ Bf8 27. c6 Kg7 28. Nc4 Bb4 29. Qb7 Nd5 30. Qxc7 Nxc7 31. Nxe5 Bc3 32. Ba3 f6 33. Nc4 Nb5 34. g4 f5 35. gxf5 gxf5 36. Nd6 Nc7 37. Nxf5+ Kf6 38. Nd6 Ke6 39. Ne4 Nb5 40. Bc1 g4 41. Kg2 Kd5 42. Kg3 Kxc6 43. Kxg4 Be1 44. Bd2 1-0

[Event "Moscow op-A 13th"]
[Site "Moscow"]
[Date "2017.02.01"]
[Round "5"]
[White "Beletsky, Alexey"]
[Black "Salman, Pavel"]
[Result "1-0"]
[WhiteElo "2350"]
[BlackElo "2197"]
[PlyCount "117"]
[EventDate "2017.01.28"]
[EventType "swiss"]
[EventRounds "9"]
[EventCountry "RUS"]
[SourceTitle "EXT 2018"]
[Source "ChessBase"]
[SourceDate "2017.10.13"]
[SourceVersion "1"]
[SourceVersionDate "2017.10.13"]
[SourceQuality "1"]

1. c4 c5 2. g3 Nf6 3. Bg2 Nc6 4. Nc3 e5 5. d3 Be7 6. e3 0-0 7. Nge2 d6 8. 0-0 Bd7 9. Nd5 Nxd5 10. cxd5 Nb4 11. a3 Na6 12. Rb1 Rc8 13. Bd2 Qe8 14. Nc3 f5 15. f4 Bf6 16. e4 b5 17. exf5 Bxf5 18. Ne4 Bxe4 19. Bxe4 c4 20. dxc4 Rxc4 21. Bd3 Rd4 22. Qc2 e4 23. Be2 Rxd5 24. b4 Bd4+ 25. Kg2 Kh8 26. Rfd1 Qa8 27. Be1 Bb6 28. Rxd5 Qxd5 29. Rd1 Qe6 30. a4 d5 31. a5 Be3 32. Qb3 Bxf4 33. gxf4 Nc7 34. Kh1 h6 35. Qc3 Qd7 36. Qe3 Qf5 37. Bc3 Ne6 38. Be5 d4 39. Qg3 Qf7 40. Bxb5 e3 41. Bc4 Qb7+ 42. Qg2 Qxg2+ 43. Kxg2 Nxf4+ 44. Bxf4 Rxf4 45. Rf1 Rg4+ 46. Kh3 h5 47. b5 Re4 48. b6 axb6 49. axb6 Re8 50. b7 Rb8 51. Rb1 g5 52. Kg3 Kg7 53. Kf3 g4+ 54. Ke4 h4 55. Kxd4 g3 56. hxg3 hxg3 57. Kxe3 g2 58. Kf2 Kf6 59. Kxg2 1-0

[Event "Moscow op-A 13th"]
[Site "Moscow"]
[Date "2017.01.30"]
[Round "3"]
[White "Beletsky, Alexey"]
[Black "Egorov, Pavel"]
[Result "1-0"]
[WhiteElo "2350"]
[BlackElo "2245"]
[PlyCount "77"]
[EventDate "2017.01.28"]
[EventType "swiss"]
[EventRounds "9"]
[EventCountry "RUS"]
[SourceTitle "EXT 2018"]
[Source "ChessBase"]
[SourceDate "2017.10.13"]
[SourceVersion "1"]
[SourceVersionDate "2017.10.13"]
[SourceQuality "1"]

1. c4 Nf6 2. Nf3 g6 3. Nc3 Bg7 4. g3 0-0 5. Bg2 d5 6. cxd5 Nxd5 7. 0-0 Nc6 8. a3 a5 9. h3 Nxc3 10. bxc3 a4 11. Bb2 Be6 12. d3 h6 13. Qc2 Qd7 14. h4 Bb3 15. Qc1 b5 16. Nd2 Bd5 17. Bxd5 Qxd5 18. c4 bxc4 19. Bxg7 Kxg7 20. Qxc4 Qxc4 21. Nxc4 Nd4 22. Ra2 Rfb8 23. Rc1 Rb3 24. e3 Nb5 25. d4 Nc3 26. Rac2 Nb1 27. Kg2 Nxa3 28. Nxa3 Rxa3 29. Rxc7 Rb3 30. Rxe7 a3 31. Rcc7 Rbb8 32. Rxf7+ Kg8 33. Rg7+ Kh8 34. Rh7+ Kg8 35. Rcg7+ Kf8 36. Rb7 Rxb7 37. Rh8+ Ke7 38. Rxa8 Rb3 39. Ra6 1-0

[Event "Moscow op-A 13th"]
[Site "Moscow"]
[Date "2017.01.29"]
[Round "2"]
[White "Klimentov, Evgeny"]
[Black "Beletsky, Alexey"]
[Result "1/2-1/2"]
[WhiteElo "2187"]
[BlackElo "2350"]
[PlyCount "183"]
[EventDate "2017.01.28"]
[EventType "swiss"]
[EventRounds "9"]
[EventCountry "RUS"]
[SourceTitle "EXT 2018"]
[Source "ChessBase"]
[SourceDate "2017.10.13"]
[SourceVersion "1"]
[SourceVersionDate "2017.10.13"]
[SourceQuality "1"]

1. e4 c5 2. Nf3 d6 3. d4 cxd4 4. Nxd4 Nf6 5. Nc3 g6 6. Be2 Bg7 7. 0-0 0-0 8. Re1 Nc6 9. Nb3 a6 10. Bf1 b5 11. Bg5 h6 12. Bh4 Nd7 13. a3 Nb6 14. Rb1 Na4 15. Nxa4 bxa4 16. Nd2 Bd7 17. c3 Ne5 18. f4 Ng4 19. Nc4 Qc7 20. Qf3 Be6 21. Ne3 Nxe3 22. Rxe3 Rab8 23. Qf2 Rfe8 24. Bxa6 Bc4 25. Bxc4 Qxc4 26. Rd1 Rb7 27. Rd2 Reb8 28. Ree2 Qa2 29. h3 Qc4 30. Kh2 Qa2 31. Bg3 Rb6 32. Rc2 Qc4 33. Qe3 R8b7 34. Red2 Rb5 35. Bf2 h5 36. Qe2 Qe6 37. Bd4 Bh6 38. Qf3 Qc4 39. Be3 Bg7 40. f5 Qc6 41. fxg6 fxg6 42. Rf2 Qc4 43. Rce2 Qe6 44. Bd4 Bh6 45. Qd3 Rb8 46. Qg3 Rg5 47. Qh4 Rgb5 48. Qg3 Rg5 49. Qd3 Rgb5 50. Qc2 Rxb2 51. Qxb2 Rxb2 52. Rxb2 Bg7 53. Rb4 Bxd4 54. cxd4 Qxe4 55. Rxa4 g5 56. Rb4 Kg7 57. Rf3 g4 58. d5 Qe5+ 59. Rg3 Kf6 60. hxg4 Qxd5 61. Rf4+ Ke6 62. Rf5 Qd1 63. Rxh5 d5 64. Rh6+ Kf7 65. g5 Kg7 66. g6 Qc2 67. Rh7+ Kg8 68. Rxe7 Qa4 69. Rh7 Qe4 70. Rhh3 Kg7 71. a4 d4 72. a5 d3 73. Rxd3 Kxg6 74. Ra3 Qb7 75. a6 Qa7 76. Rhf3 Kg5 77. Ra5+ Kg4 78. Raf5 Qh7+ 79. Kg1 Qa7+ 80. Rf2 Qxa6 81. R5f3 Qa1+ 82. Kh2 Qh8+ 83. Rh3 Qb8+ 84. g3 Qb1 85. Rh4+ Kg5 86. Rff4 Qd1 87. Rf2 Qb1 88. Rd4 Qh7+ 89. Kg2 Qb7+ 90. Kg1 Qb1+ 91. Kh2 Qh7+ 92. Rh4 1/2-1/2

[Event "Moscow op-A 13th"]
[Site "Moscow"]
[Date "2017.01.28"]
[Round "1"]
[White "Beletsky, Alexey"]
[Black "Ahmadzada, Ahmad Samir"]
[Result "0-1"]
[WhiteElo "2350"]
[BlackElo "2078"]
[PlyCount "98"]
[EventDate "2017.01.28"]
[EventType "swiss"]
[EventRounds "9"]
[EventCountry "RUS"]
[SourceTitle "EXT 2018"]
[Source "ChessBase"]
[SourceDate "2017.10.13"]
[SourceVersion "1"]
[SourceVersionDate "2017.10.13"]
[SourceQuality "1"]

1. g3 d5 2. Nf3 Nf6 3. Bg2 Bf5 4. 0-0 e6 5. d3 Be7 6. c4 c6 7. Qb3 Qb6 8. Be3 Qxb3 9. axb3 a6 10. Nc3 Nbd7 11. Na4 0-0 12. Rfc1 Rfc8 13. c5 e5 14. h3 Bd8 15. g4 Be6 16. d4 e4 17. Nd2 Bc7 18. b4 h6 19. Nb3 g5 20. Na5 Rab8 21. f3 Re8 22. fxe4 Nxe4 23. Bxe4 dxe4 24. Nc3 Nf6 25. Rf1 Nd5 26. Nxd5 Bxd5 27. Rf6 Re6 28. Rxe6 Bxe6 29. Rf1 Kg7 30. Kg2 Bd5 31. Kg1 b6 32. cxb6 Rxb6 33. Bd2 e3 34. Bc3 Bd6 35. Rc1 Bxb4 36. Bxb4 Rxb4 37. Nxc6 Rxb2 38. Ne7 Be4 39. Nf5+ Bxf5 40. gxf5 Rxe2 41. Ra1 Rf2 42. Re1 Rxf5 43. Rxe3 Rd5 44. Rd3 Kg6 45. Kf2 h5 46. Ke3 f5 47. Rc3 Rd6 48. Rc5 Re6+ 49. Kf2 g4 0-1

[Event "Koltsovo op"]
[Site "Koltsovo"]
[Date "2014.07.03"]
[Round "6"]
[White "Beletsky, Alexey"]
[Black "Rodionova, Daria"]
[Result "1/2-1/2"]
[WhiteElo "2303"]
[BlackElo "2083"]
[PlyCount "104"]
[EventDate "2014.06.28"]
[EventType "swiss"]
[EventRounds "9"]
[EventCountry "RUS"]
[SourceTitle "CBM 161 Extra"]
[Source "ChessBase"]
[SourceDate "2014.08.29"]
[SourceVersion "1"]
[SourceVersionDate "2014.08.29"]
[SourceQuality "1"]

1. Nf3 c5 2. c4 g6 3. d4 cxd4 4. Nxd4 Bg7 5. e4 Nc6 6. Be3 Nf6 7. Nc3 d6 8. Be2 0-0 9. 0-0 Bd7 10. Nc2 Rc8 11. f3 Ne8 12. Qd2 f5 13. exf5 Bxf5 14. Nd4 Nxd4 15. Bxd4 Qa5 16. Bxg7 Nxg7 17. Qd5+ Qxd5 18. Nxd5 Kf7 19. Rfe1 Be6 20. Bd3 Bxd5 21. cxd5 Ne8 22. Re2 Nf6 23. Bc2 Nxd5 24. Bb3 Rc5 25. Rae1 Re8 26. Rd2 e6 27. Bxd5 exd5 28. Rxe8 Kxe8 29. Kf2 Kd7 30. Ke3 Ke6 31. Kd4 Rc4+ 32. Kd3 Rc1 33. Kd4 Rc4+ 34. Kd3 b5 35. b3 Rf4 36. Rc2 Kd7 37. Ke3 g5 38. Rd2 Ke6 39. Rc2 Kd7 40. Rd2 Ke6 41. Rc2 Kd7 42. Rf2 d4+ 43. Kd3 g4 44. Ke2 Ke6 45. fxg4 Rxg4 46. Kd3 Ke5 47. g3 h5 48. Re2+ Kd5 49. Rf2 Ke5 50. Re2+ Kd5 51. Rf2 Ke5 52. Re2+ Kd5 1/2-1/2

[Event "Khanty-Mansiysk Governor Cup-B 9th"]
[Site "Khanty-Mansiysk"]
[Date "2013.12.06"]
[Round "9"]
[White "Beletsky, Alexey"]
[Black "Papayan, Oleg"]
[Result "1-0"]
[WhiteElo "2330"]
[BlackElo "2245"]
[PlyCount "95"]
[EventDate "2013.11.28"]
[EventType "swiss"]
[EventRounds "9"]
[EventCountry "RUS"]
[SourceTitle "CBM 157 Extra"]
[Source "ChessBase"]
[SourceDate "2013.12.19"]
[SourceVersion "1"]
[SourceVersionDate "2013.12.19"]
[SourceQuality "1"]

1. Nf3 d5 2. g3 c6 3. c4 e6 4. Qc2 f5 5. Bg2 Nf6 6. b3 Bd6 7. Bb2 0-0 8. 0-0 Qe7 9. Be5 Nbd7 10. Bxd6 Qxd6 11. d4 Ne4 12. Nbd2 b6 13. Rfc1 Bb7 14. e3 c5 15. dxc5 bxc5 16. Rd1 Qe7 17. Qb2 Qf6 18. Qxf6 Rxf6 19. Rac1 Rc8 20. cxd5 exd5 21. Bh3 Nd6 22. Ne1 g5 23. Bg2 Kg7 24. Nb1 Ne4 25. g4 Nb6 26. gxf5 h5 27. Nf3 c4 28. Ne5 Rxf5 29. Bxe4 Rxe5 30. Bg2 a5 31. Nc3 Kf6 32. Nb5 Ba6 33. Nd4 g4 34. Bf1 h4 35. Ne2 cxb3 36. axb3 Bxe2 37. Bxe2 g3 38. Rxc8 Nxc8 39. Rd4 Nd6 40. Rxh4 Nf5 41. Rf4 gxf2+ 42. Kxf2 Kg5 43. h4+ Kh6 44. Ra4 Rxe3 45. Rxa5 Rxb3 46. Rxd5 Ng7 47. Rd6+ Kh7 48. Bd3+ 1-0

[Event "Khanty-Mansiysk Governor Cup-B 9th"]
[Site "Khanty-Mansiysk"]
[Date "2013.12.01"]
[Round "4"]
[White "Artamonov, Valery"]
[Black "Beletsky, Alexey"]
[Result "1/2-1/2"]
[WhiteElo "2256"]
[BlackElo "2330"]
[PlyCount "86"]
[EventDate "2013.11.28"]
[EventType "swiss"]
[EventRounds "9"]
[EventCountry "RUS"]
[SourceTitle "CBM 157 Extra"]
[Source "ChessBase"]
[SourceDate "2013.12.19"]
[SourceVersion "1"]
[SourceVersionDate "2013.12.19"]
[SourceQuality "1"]

1. c4 c5 2. Nc3 g6 3. g3 Bg7 4. Bg2 Nc6 5. e3 Nh6 6. Nge2 Nf5 7. d3 0-0 8. h4 e6 9. a3 Rb8 10. b4 d5 11. bxc5 d4 12. exd4 Nfxd4 13. Bf4 e5 14. Bg5 Qa5 15. 0-0 Bg4 16. f3 Nxe2+ 17. Nxe2 Bf5 18. Kh2 Qxc5 19. g4 Be6 20. Ng3 f6 21. Bd2 Rfd8 22. Ne4 Qd4 23. f4 exf4 24. Bxf4 Ne5 25. Kh1 Rbc8 26. Bxe5 Qxe5 27. Qf3 Rf8 28. Rae1 Qd4 29. Nf2 Bf7 30. Qxb7 f5 31. Re7 Rb8 32. Qxa7 Qxa7 33. Rxa7 Rfd8 34. gxf5 gxf5 35. Bd5 Bxd5+ 36. cxd5 Kh8 37. Ra5 Bc3 38. Rc5 Bd4 39. Rc4 Rxd5 40. Nh3 Be3 41. Nf4 Bxf4 42. Rcxf4 Rxd3 43. Rxf5 Rxa3 1/2-1/2

[Event "Khanty-Mansiysk Governor Cup-B 9th"]
[Site "Khanty-Mansiysk"]
[Date "2013.11.29"]
[Round "2"]
[White "Chigaeva, Anastasia"]
[Black "Beletsky, Alexey"]
[Result "0-1"]
[WhiteElo "2042"]
[BlackElo "2330"]
[PlyCount "92"]
[EventDate "2013.11.28"]
[EventType "swiss"]
[EventRounds "9"]
[EventCountry "RUS"]
[SourceTitle "CBM 157 Extra"]
[Source "ChessBase"]
[SourceDate "2013.12.19"]
[SourceVersion "1"]
[SourceVersionDate "2013.12.19"]
[SourceQuality "1"]

1. e4 Nf6 2. e5 Nd5 3. d4 d6 4. c4 Nb6 5. exd6 cxd6 6. Nc3 g6 7. Be3 Bg7 8. Rc1 0-0 9. b3 e5 10. dxe5 dxe5 11. Qxd8 Rxd8 12. Nge2 Nc6 13. g3 Nb4 14. Ng1 Bf5 15. Be2 Nc2+ 16. Kf1 Nxe3+ 17. fxe3 Nd7 18. e4 Be6 19. Nf3 Nc5 20. Kg2 Bd7 21. b4 Ne6 22. Rcd1 a5 23. a3 axb4 24. axb4 Nd4 25. Nxd4 exd4 26. Nd5 Ra2 27. Rhe1 Re8 28. Kg1 Rxe4 29. Bf3 Rxe1+ 30. Rxe1 d3 31. b5 Bd4+ 32. Kh1 d2 33. Rd1 b6 34. Kg2 Be6 35. Kf1 Rc2 36. Ke2 Rxc4 37. Rxd2 Bc5 38. Nf6+ Kg7 39. Ne4 Bb4 40. Rb2 Be7 41. Nd2 Rc1 42. Bc6 Ba3 43. Rb1 Rxb1 44. Nxb1 Bb4 45. Nd2 Bxd2 46. Kxd2 Kf6 0-1

[Event "Izmailov Memorial op 17th"]
[Site "Tomsk"]
[Date "2013.06.16"]
[Round "6"]
[White "Beletsky, Alexey"]
[Black "Yudin, Sergei"]
[Result "1/2-1/2"]
[WhiteElo "2284"]
[BlackElo "2552"]
[PlyCount "89"]
[EventDate "2013.06.11"]
[EventType "swiss"]
[EventRounds "9"]
[EventCountry "RUS"]
[SourceTitle "CBM 154 Extra"]
[Source "ChessBase"]
[SourceDate "2013.06.25"]
[SourceVersion "2"]
[SourceVersionDate "2013.06.25"]
[SourceQuality "1"]

1. Nf3 e6 2. c4 d5 3. d4 c6 4. Nbd2 f5 5. g3 Bd6 6. Bg2 Nd7 7. 0-0 Qf6 8. c5 Bc7 9. Nb3 h6 10. Bf4 Bxf4 11. gxf4 Ne7 12. Qd2 Rg8 13. Nc1 b6 14. cxb6 axb6 15. Nd3 g5 16. Kh1 Qg7 17. Nfe5 Nxe5 18. Nxe5 c5 19. Rg1 Ra4 20. e3 Ng6 21. Qc2 Bd7 22. b3 Ra5 23. b4 cxb4 24. Qc7 Nxe5 25. fxe5 Qe7 26. Qxb6 Rb5 27. Qa6 Qd8 28. Bf1 Rb6 29. Qe2 g4 30. Rb1 Kf7 31. Qd2 Qb8 32. Bd3 Rc8 33. Rb2 Bb5 34. Bxb5 Rxb5 35. Rgb1 Rc4 36. Rb3 Qc8 37. R1b2 Kg6 38. Kg2 Qc7 39. Rxb4 Rbxb4 40. Rxb4 Rc2 41. Qd3 Rxa2 42. Qb5 Qc2 43. Qe8+ Kg5 44. Qe7+ Kh5 45. Qe8+ 1/2-1/2

[Event "Izmailov Memorial op 17th"]
[Site "Tomsk"]
[Date "2013.06.13"]
[Round "3"]
[White "Chigaev, Maksim"]
[Black "Beletsky, Alexey"]
[Result "0-1"]
[WhiteElo "2455"]
[BlackElo "2284"]
[PlyCount "138"]
[EventDate "2013.06.11"]
[EventType "swiss"]
[EventRounds "9"]
[EventCountry "RUS"]
[SourceTitle "CBM 154 Extra"]
[Source "ChessBase"]
[SourceDate "2013.06.25"]
[SourceVersion "2"]
[SourceVersionDate "2013.06.25"]
[SourceQuality "1"]

1. e4 Nf6 2. e5 Nd5 3. d4 d6 4. Nf3 g6 5. Bc4 Nb6 6. Bb3 Bg7 7. Ng5 e6 8. Qf3 Qe7 9. Ne4 dxe5 10. Bg5 Qb4+ 11. c3 Qa5 12. Bf6 0-0 13. Bxg7 Kxg7 14. Qf6+ Kg8 15. Qxe5 Qxe5 16. dxe5 Bd7 17. Nbd2 Bc6 18. f4 N8d7 19. 0-0-0 Kg7 20. Rhe1 h6 21. g3 Rfd8 22. Bc2 a5 23. b3 Nd5 24. Nf3 Nxc3 25. Nxc3 Bxf3 26. Rd3 Bc6 27. Red1 Kf8 28. g4 Ke7 29. Re1 Nc5 30. Rh3 Rh8 31. Nd1 Rad8 32. Rc3 b6 33. Ne3 h5 34. f5 hxg4 35. f6+ Kd7 36. Nxg4 Kc8 37. h3 Bb5 38. Ree3 Rd4 39. a3 Rf4 40. Kb2 Bf1 41. Nh2 Bg2 42. Kc1 Nd7 43. Bd1 b5 44. Bg4 b4 45. axb4 axb4 46. Rc2 Bd5 47. Rd2 c6 48. Bd1 Kc7 49. Ng4 Kb6 50. Nf2 Nc5 51. Kb2 Rhh4 52. Bg4 Rh8 53. Bd1 Ra8 54. Bc2 Ra3 55. Ng4 Ra7 56. Nh6 Rh4 57. Ng8 Ra8 58. Ne7 Rf4 59. Rg3 Nd7 60. Re2 Rf1 61. Rg4 c5 62. Rg5 c4 63. Nxd5+ exd5 64. bxc4 dxc4 65. Re4 c3+ 66. Kb3 Nc5+ 67. Kxb4 Nxe4 68. Bxe4 Rf4 69. Rg4 c2 0-1

[Event "Novosibirsk Sukharev Memorial op"]
[Site "Novosibirsk"]
[Date "2012.07.21"]
[Round "4"]
[White "Beletsky, Alexey"]
[Black "Antonenko, Vladimir Georgievic"]
[Result "1/2-1/2"]
[WhiteElo "2274"]
[BlackElo "2138"]
[PlyCount "138"]
[EventDate "2012.07.18"]
[EventType "swiss"]
[EventRounds "9"]
[EventCountry "RUS"]
[SourceTitle "EXT 2013"]
[Source "ChessBase"]
[SourceDate "2012.11.22"]
[SourceVersion "1"]
[SourceVersionDate "2012.11.22"]
[SourceQuality "1"]

1. Nf3 Nf6 2. g3 b5 3. Bg2 Bb7 4. a4 b4 5. 0-0 e6 6. c4 Be7 7. b3 d6 8. Bb2 Nbd7 9. Qc2 c5 10. d3 Qc7 11. Nbd2 0-0 12. e3 Rac8 13. d4 Qb8 14. e4 cxd4 15. Nxd4 Qa8 16. Rfe1 Nc5 17. f3 Rfd8 18. Rad1 Bf8 19. Qb1 Nfd7 20. Ba1 Ne5 21. Nf1 Nc6 22. Nxc6 Bxc6 23. Ne3 a6 24. Rd2 Qb7 25. h4 Rc7 26. Kh2 Rcd7 27. Nc2 d5 28. cxd5 exd5 29. e5 d4 30. Nxd4 Ne6 31. Nxe6 fxe6 32. Rxd7 Rxd7 33. Rd1 Rf7 34. Rd3 Rxf3 35. Bxf3 Bxf3 36. Qf1 Bd5 37. Bb2 Qc6 38. Qe2 Be7 39. Qd2 a5 40. Qd1 g6 41. Bd4 Qc8 42. Be3 Qc6 43. Bg5 Bxg5 44. hxg5 Qc5 45. Qd2 Kg7 46. Re3 Bb7 47. Re2 Qd5 48. Qxd5 Bxd5 49. Rb2 h6 50. g4 hxg5 51. Kg3 Kf7 52. Kf2 Ke7 53. Ke3 Kd7 54. Kd4 Kc6 55. Rb1 Kb6 56. Rf1 Bxb3 57. Rf6 Kc7 58. Rxg6 Bxa4 59. Rxe6 Bd7 60. Rg6 Bxg4 61. Rxg5 Be6 62. Rg6 b3 63. Kc3 Kd7 64. Rg7+ Kc6 65. Ra7 Kb5 66. Re7 Bd5 67. e6 Kc6 68. Re8 Kd6 69. e7 Bf7 1/2-1/2

[Event "Novosibirsk Sukharev Memorial op"]
[Site "Novosibirsk"]
[Date "2011.07.24"]
[Round "7"]
[White "Beletsky, Alexey"]
[Black "Kuzmin, Nikolai"]
[Result "1/2-1/2"]
[WhiteElo "2279"]
[BlackElo "2100"]
[PlyCount "49"]
[EventDate "2011.07.18"]
[EventType "swiss"]
[EventRounds "9"]
[EventCountry "RUS"]
[SourceTitle "EXT 2012"]
[Source "ChessBase"]
[SourceDate "2011.11.24"]
[SourceVersion "1"]
[SourceVersionDate "2011.11.24"]
[SourceQuality "1"]

1. e4 d6 2. d4 Nf6 3. f3 e5 4. dxe5 dxe5 5. Qxd8+ Kxd8 6. Bc4 Be6 7. Bxe6 fxe6 8. Nd2 Nc6 9. Nc4 Bc5 10. c3 b5 11. Be3 Nd7 12. Bxc5 Nxc5 13. 0-0-0+ Ke7 14. Ne3 a5 15. Nh3 Rad8 16. Rxd8 Rxd8 17. Nf2 Nd3+ 18. Nxd3 Rxd3 19. Re1 Rd8 20. Kc2 a4 21. Rd1 Rxd1 22. Nxd1 Na5 23. b3 axb3+ 24. axb3 c5 25. Ne3 1/2-1/2

[Event "Novosibirsk Sukharev Memorial op"]
[Site "Novosibirsk"]
[Date "2011.07.23"]
[Round "6"]
[White "Zaichenko, Daria"]
[Black "Beletsky, Alexey"]
[Result "1/2-1/2"]
[WhiteElo "2134"]
[BlackElo "2279"]
[PlyCount "109"]
[EventDate "2011.07.18"]
[EventType "swiss"]
[EventRounds "9"]
[EventCountry "RUS"]
[SourceTitle "EXT 2012"]
[Source "ChessBase"]
[SourceDate "2011.11.24"]
[SourceVersion "1"]
[SourceVersionDate "2011.11.24"]
[SourceQuality "1"]

1. d4 d5 2. c4 dxc4 3. e3 e5 4. Bxc4 exd4 5. exd4 Bd6 6. Nf3 Nf6 7. 0-0 0-0 8. h3 Nbd7 9. Nc3 a6 10. a3 b5 11. Ba2 h6 12. Be3 Bb7 13. Re1 Nb6 14. Ne5 Nbd5 15. Nxd5 Bxd5 16. Bxd5 Nxd5 17. Qg4 Nxe3 18. Rxe3 Qc8 19. Qh5 Qe6 20. Nc6 Qf6 21. Rf3 Qg5 22. Qxg5 hxg5 23. Re1 Rfe8 24. Rfe3 Rxe3 25. fxe3 f5 26. e4 fxe4 27. Rxe4 Rf8 28. Ne5 c5 29. Nd7 Rf5 30. Nxc5 Bxc5 31. dxc5 Rxc5 32. Re2 Kf7 33. Kf2 Kf6 34. Kg3 Rc4 35. Kf3 a5 36. Kg3 a4 37. Kf3 b4 38. axb4 Rxb4 39. Kg3 Kf5 40. Kf2 g4 41. hxg4+ Kxg4 42. Kg1 g5 43. Kh2 Kf4 44. Rf2+ Ke3 45. Kg3 Kd3 46. Rf5 g4 47. Rf2 Rd4 48. Kh4 Kc4 49. g3 Kb3 50. Rf4 Rb4 51. Kxg4 Rxf4+ 52. gxf4 Kxb2 53. f5 a3 54. f6 a2 55. f7 1/2-1/2

[Event "Izmailov Memorial op 15th"]
[Site "Tomsk"]
[Date "2011.06.06"]
[Round "6"]
[White "Beletsky, Alexey"]
[Black "Dyagilev, Viktor"]
[Result "1-0"]
[WhiteElo "2292"]
[BlackElo "1987"]
[PlyCount "73"]
[EventDate "2011.06.01"]
[EventType "swiss"]
[EventRounds "9"]
[EventCountry "RUS"]
[SourceTitle "EXT 2013"]
[Source "ChessBase"]
[SourceDate "2012.11.22"]
[SourceVersion "1"]
[SourceVersionDate "2012.11.22"]
[SourceQuality "1"]

1. Nf3 Nf6 2. c4 g6 3. b4 Bg7 4. Bb2 0-0 5. Qb3 d6 6. d3 e5 7. Nbd2 a5 8. a3 b6 9. g3 Bb7 10. Bg2 Nbd7 11. 0-0 Kh8 12. Rfd1 Qe7 13. e3 Ng8 14. Nxe5 Bxg2 15. Nxd7 Qxd7 16. Bxg7+ Kxg7 17. Qc3+ f6 18. Kxg2 h5 19. Nf3 Nh6 20. e4 Nf7 21. d4 Qe7 22. Re1 Kh7 23. Rac1 axb4 24. axb4 Ng5 25. h4 Nxf3 26. Qxf3 Ra4 27. Qb3 Rfa8 28. c5 b5 29. cxd6 cxd6 30. Qd5 Rb8 31. Rc6 Rxb4 32. Rxd6 Rb7 33. Rxf6 Rd7 34. Qg5 Qe8 35. e5 Rbxd4 36. e6 Re7 37. Rxg6 1-0